| 000 | 00656nam a2200217Ia 4500 | ||
|---|---|---|---|
| 003 | GCL | ||
| 005 | 20240530102343.0 | ||
| 008 | 140319s9999 xx 000 0 ara d | ||
| 040 |
_aGCL / _cGCL |
||
| 082 | 0 | 4 |
_a810.193 _bع ا |
| 100 | 0 | _aعزالدين اسماعيل | |
| 245 | 1 | 2 |
_aالاسس الجمالية فى النقد العربى / _cعزالدين اسماعيل |
| 260 |
_a[S.N] : _bدار الفكر العربى ، _c1992 |
||
| 300 | _a367 ص | ||
| 650 | 0 | 4 | _aالادب العربى |
| 650 | 0 | 4 | _aالاسلوب الادبى |
| 650 | 0 | 4 | _aالنقد |
| 650 | 0 | 4 | _aالجمال |
| 650 | 0 | 4 | _aتاريخ ونقد |
| 942 |
_2ddc _cBK |
||
| 999 |
_c31648 _d31648 |
||